Classement des marques horlogères suisses par vente - Statistiques

Statistiques générales
  • Ce quiz a été pris 148 fois
  • Le résultat moyen est 6 sur 10
Statistiques - réponses
Hint Réponse Ventes totales (m$) % Correct
1 Rolex 10 100
98%
3 Omega 2 600
76%
10 Tissot 825
66%
5 Patek Philippe 2 050
63%
4 Audemars Piguet 2 350
61%
2 Cartier 3 100
50%
6 Richard Mille 1 540
40%
8 Vacheron Constantin 1 097
39%
9 Breitling 870
38%
7 Longines 1 110
34%
Aucun quiz correspondant
Distribution des résultats
% des personnes avec chaque résultat
Percentile par nombre de réponses
Votre historique - résultats
Vous n’avez pas pris ce quiz